[Event "FICS rated standard game"]
[Site "FICS freechess.org"]
[Date "2017.05.27"]
[Round "?"]
[White "TogaRouter"]
[Black "exeComp"]
[Result "1/2-1/2"]
[WhiteElo "2373"]
[BlackElo "2771"]
[PlyCount "64"]
[EventDate "2017.??.??"]
[EventType "swiss"]

1. e4 c5 2. Nf3 d6 3. d4 cxd4 4. Nxd4 Nf6 5. Nc3 Nc6 6. Be2 e5 7. Nf3 h6 8. O-O
Be7 9. Re1 O-O 10. h3 Be6 11. Bf1 Qd7 12. Nd5 Bd8 13. c4 Nh7 14. Bd3 Ng5 15.
Bd2 Rc8 16. Nxg5 Bxg5 17. Bxg5 hxg5 18. Qa4 f6 19. Rac1 Rfd8 20. c5 Kf8 21. Bb5
dxc5 22. Rxc5 Qd6 23. Rec1 Nd4 24. Rxc8 Rxc8 25. Rxc8+ Bxc8 26. Bc4 a6 27. Qd1
Be6 28. Qh5 b5 29. Qh8+ Kf7 30. Qh5+ Kf8 31. Qh8+ Kf7 32. Qh5+ Kf8 1/2-1/2

[Event "GER-ch U26 Int"]
[Site "Stroebeck"]
[Date "2017.05.12"]
[Round "2.1"]
[White "Fieberg, Samuel"]
[Black "Osmanodja, Filiz"]
[Result "1-0"]
[WhiteElo "2221"]
[BlackElo "2263"]
[PlyCount "103"]
[EventDate "2017.05.11"]
[EventType "k.o."]
[EventRounds "4"]
[EventCountry "GER"]
[SourceTitle "OM OTB B 201907"]
[Source "Opening Master"]
[SourceDate "2019.07.06"]
[SourceVersion "2"]
[SourceVersionDate "2019.07.06"]
[SourceQuality "1"]

1. e4 c5 2. Nf3 d6 3. d4 cxd4 4. Nxd4 Nf6 5. Nc3 Nc6 6. Be2 e5 7. Nf3 h6 8. Be3
Ng4 9. Bc1 Be7 10. h3 Nf6 11. O-O O-O 12. Re1 a6 13. a4 Nb4 14. Bc4 Be6 15. Nd5
Nfxd5 16. exd5 Bf5 17. Bb3 Rc8 18. Re2 Bg6 19. a5 b6 20. Ne1 e4 21. axb6 Qxb6
22. c3 f5 23. Ra4 Bh5 24. Rxb4 Qxb4 25. cxb4 Bxe2 26. Qxe2 Rxc1 27. Kh2 Bf6 28.
g3 Rb1 29. Nc2 Rxb2 30. Qc4 Be5 31. Ba4 f4 32. gxf4 Rxf4 33. Kg2 e3 34. Qc8+
Rf8 35. Qe6+ Kh8 36. fxe3 Rb1 37. Qg4 Rff1 38. Qe2 Rh1 39. Qxa6 Rh2+ 40. Kf3
Rxh3+ 41. Ke4 Rh4+ 42. Kd3 Rb2 43. Qc8+ Kh7 44. Qf5+ Kh8 45. Be8 Rb3+ 46. Ke2
Bf6 47. Bg6 Rh2+ 48. Kf3 Rxc2 49. Qxc2 Rc3 50. Qf5 Rc7 51. Qe6 Be7 52. Qf7 1-0

[Event "Belgrade-chT"]
[Site "Belgrade"]
[Date "2017.05.10"]
[Round "1.1"]
[White "Brankovic, Vladislav"]
[Black "Dimic, Pavle"]
[Result "0-1"]
[WhiteElo "2190"]
[BlackElo "2297"]
[PlyCount "100"]
[EventDate "2017.05.10"]
[EventType "team-swiss"]
[EventRounds "5"]
[EventCountry "SRB"]
[SourceTitle "OM OTB B 201907"]
[Source "Opening Master"]
[SourceDate "2019.07.06"]
[SourceVersion "2"]
[SourceVersionDate "2019.07.06"]
[SourceQuality "1"]
[WhiteTeam "Delfin"]
[BlackTeam "Napredak"]
[WhiteTeamCountry "SRB"]
[BlackTeamCountry "SRB"]

1. e4 c5 2. Nf3 Nc6 3. d4 cxd4 4. Nxd4 Nf6 5. Nc3 d6 6. Be2 e5 7. Nf3 h6 8. h3
Be7 9. Be3 Be6 10. O-O O-O 11. Nd2 Na5 12. Bd3 a6 13. a4 Rc8 14. Qe2 Qc7 15.
Rfc1 Nc6 16. Kh1 Nb4 17. f4 exf4 18. Bxf4 Nd7 19. Nf3 Bf6 20. Qf2 Ne5 21. Qg3
Kh8 22. Rf1 Rfd8 23. Nd4 Qe7 24. Nce2 Ng6 25. Qf2 Nxf4 26. Nxf4 Bxd4 27. Qxd4
Nxc2 28. Bxc2 Rxc2 29. Rac1 Rdc8 30. Rxc2 Rxc2 31. e5 dxe5 32. Qxe5 Qc7 33. Qd4
Qc4 34. Qd8+ Kh7 35. Rf3 Rxb2 36. Kh2 Rb3 37. Rf2 Rc3 38. a5 Qc7 39. Qd4 g5 40.
h4 gxf4 41. h5 Qc5 42. Qe4+ Qf5 43. Qe2 Re3 44. Qd1 Qg4 45. Qb1+ Kg8 46. Qxb7
Qg3+ 47. Kg1 Re1+ 48. Rf1 Qe3+ 49. Kh2 Rxf1 50. Qb8+ Kh7 0-1

[Event "FICS rated standard game"]
[Site "FICS freechess.org"]
[Date "2017.05.10"]
[Round "?"]
[White "sentiger"]
[Black "GriffyJr"]
[Result "0-1"]
[WhiteElo "1942"]
[BlackElo "2087"]
[PlyCount "70"]
[EventDate "2017.??.??"]
[EventType "swiss"]

1. e4 c5 2. Nf3 Nc6 3. d4 cxd4 4. Nxd4 Nf6 5. Nc3 d6 6. Be2 e5 7. Nb3 Be7 8.
Be3 O-O 9. g4 Qd7 10. g5 Ng4 11. Bxg4 Qxg4 12. Qd2 Bd7 13. h3 Qf3 14. Rg1 Bxh3
15. Nd5 Bd8 16. Qd3 Bg2 17. Nd2 Ba5 18. c3 Qg4 19. f3 Qg3+ 20. Bf2 Qh2 21. Nc4
Bd8 22. Nxd6 Bxg5 23. Nf5 Rad8 24. Nfe3 Bxe3 25. Qxe3 Rd6 26. O-O-O Rg6 27. Rd2
Bxf3 28. Rxg6 fxg6 29. b4 Qh1+ 30. Kb2 Bxe4 31. Nc7 Qb1+ 32. Ka3 Rf3 33. Qc5
Qc1+ 34. Ka4 Bc2+ 35. Kb5 Qxd2 0-1

[Event "FICS rated standard game"]
[Site "FICS freechess.org"]
[Date "2017.05.10"]
[Round "?"]
[White "sentiger"]
[Black "GriffyJr"]
[Result "0-1"]
[WhiteElo "1956"]
[BlackElo "2073"]
[PlyCount "26"]
[EventDate "2017.??.??"]
[EventType "swiss"]

1. e4 c5 2. Nf3 Nc6 3. d4 cxd4 4. Nxd4 Nf6 5. Nc3 d6 6. Be2 e5 7. Nb3 Be7 8.
Be3 O-O 9. f3 Be6 10. Qd2 Qd7 11. O-O-O Nb4 12. Kb1 a5 13. Na4 Qxa4 0-1

[Event "Volgograd RUS, Disabled Players Ch 2017"]
[Site "Volgograd RUS"]
[Date "2017.05.03"]
[Round "4.4"]
[White "Goncharov, Vladimir"]
[Black "Obodchuk, Andrei"]
[Result "0-1"]
[WhiteElo "2033"]
[BlackElo "2374"]
[PlyCount "84"]
[EventDate "2017.04.30"]
[EventType "swiss"]
[EventRounds "9"]
[EventCountry "RUS"]
[SourceTitle "OM OTB B 201907"]
[Source "Opening Master"]
[SourceDate "2019.07.06"]
[SourceVersion "2"]
[SourceVersionDate "2019.07.06"]
[SourceQuality "1"]

1. e4 c5 2. Nf3 Nc6 3. d4 cxd4 4. Nxd4 Nf6 5. Nc3 d6 6. Be2 e5 7. Nf3 h6 8. h3
Be7 9. O-O a6 10. Re1 O-O 11. Bf1 b5 12. a4 b4 13. Nd5 Nxd5 14. Qxd5 Bb7 15.
Qb3 Kh8 16. c3 f5 17. Bd3 Na5 18. Qd1 bxc3 19. exf5 Bf6 20. Rb1 Re8 21. b4 Nc6
22. Be4 Qc7 23. Qd3 a5 24. Qc4 Rac8 25. b5 Nb4 26. Qxc7 Rxc7 27. Bxb7 Rxb7 28.
Nd4 Rc8 29. Nb3 Bd8 30. Re2 d5 31. Rxe5 Bf6 32. f4 c2 33. Ra1 Nd3 34. Rxd5 Nxc1
35. Rxc1 Bb2 36. Rd4 Bxc1 37. Nxc1 Rbc7 38. Kf2 Rc4 39. Ke3 Re8+ 40. Kd3 Rxd4+
41. Kxd4 Re1 42. Nb3 Rb1 0-1

[Event "FICS rated blitz game"]
[Site "FICS freechess.org"]
[Date "2017.05.03"]
[Round "?"]
[White "pulsefrequency"]
[Black "Mwelin"]
[Result "0-1"]
[WhiteElo "1901"]
[BlackElo "2140"]
[PlyCount "36"]
[EventDate "2017.??.??"]
[EventType "blitz"]

1. e4 c5 2. Nf3 d6 3. d4 cxd4 4. Nxd4 Nf6 5. Nc3 Nc6 6. Be2 e5 7. Nxc6 bxc6 8.
O-O Be7 9. f4 O-O 10. Qe1 a5 11. h3 Ba6 12. Be3 Bxe2 13. Qxe2 exf4 14. Bxf4 Re8
15. Rad1 Qb8 16. e5 dxe5 17. Bxe5 Bc5+ 18. Kh1 Qxe5 0-1

[Event "OP-04340"]
[Site "LSS"]
[Date "2017.05.02"]
[Round "?"]
[White "Couspeyre, Thierry"]
[Black "Shim Ng Min, Francis"]
[Result "1-0"]
[WhiteElo "1300"]
[BlackElo "1232"]
[PlyCount "133"]
[EventDate "2017.04.27"]
[SourceTitle "LSS to Dec2020"]
[Source "LSS ed TH"]
[SourceDate "2021.01.12"]
[SourceVersion "3"]
[SourceVersionDate "2021.01.12"]
[SourceQuality "1"]

1. e4 c5 2. Nf3 d6 3. d4 cxd4 4. Nxd4 Nf6 5. Nc3 Nc6 6. Be2 e5 7. Nb3 Be7 8.
O-O O-O 9. Be3 Be6 10. f4 exf4 11. Bxf4 a5 12. Qd3 Nb4 13. Qg3 Nxc2 14. Bh6 Ne8
15. Rad1 Kh8 16. Nd5 Bxd5 17. exd5 gxh6 18. Qc3+ Bf6 19. Qxc2 Rc8 20. Qf5 Rg8
21. Bd3 Rg7 22. Rf3 Rc7 23. Rh3 Qd7 24. Re1 Be5 25. Nxa5 Qxf5 26. Bxf5 Nf6 27.
b3 Bc3 28. Rxc3 Rxc3 29. Nxb7 Nxd5 30. Nxd6 Nb4 31. Re8+ Rg8 32. Re7 Rf8 33.
Nxf7+ Kg7 34. Nd6+ Kf6 35. Re6+ Kg7 36. g4 Nxa2 37. h4 h5 38. g5 Rxb3 39. Re7+
Kh8 40. Nf7+ Rxf7 41. Rxf7 Rb6 42. Rxh7+ Kg8 43. Rxh5 Nc3 44. g6 Nd5 45. Rg5
Nf4 46. Kf2 Rf6 47. Kg3 Nd5 48. h5 Kg7 49. Be4 Ne7 50. Re5 Ng8 51. Rf5 Rxf5 52.
Bxf5 Kh6 53. Kh4 Nf6 54. Bg4 Ng8 55. Be2 Nf6 56. Bd1 Ng8 57. Kg4 Ne7 58. Bc2
Ng8 59. Kf5 Kxh5 60. Ke6 Kg5 61. Kf7 Nh6+ 62. Kg7 Ng4 63. Kf8 Kf6 64. Kg8 Ne5
65. g7 Nc6 66. Kf8 Ne7 67. Bf5 1-0

[Event "Cali COL, Departamental Ch (w) 2017"]
[Site "Cali COL"]
[Date "2017.05.01"]
[Round "6.1"]
[White "Argote Heredia, Valentina"]
[Black "Viveros, Erica Johana"]
[Result "1-0"]
[WhiteElo "1960"]
[BlackElo "1844"]
[PlyCount "45"]
[EventDate "2017.04.28"]
[EventType "swiss"]
[EventRounds "7"]
[EventCountry "COL"]
[SourceTitle "OM OTB B 201907"]
[Source "Opening Master"]
[SourceDate "2019.07.06"]
[SourceVersion "2"]
[SourceVersionDate "2019.07.06"]
[SourceQuality "1"]

1. e4 c5 2. Nf3 d6 3. d4 cxd4 4. Nxd4 Nf6 5. Nc3 Nc6 6. Be2 e5 7. Nb3 Be7 8.
Bg5 a6 9. Qd2 h6 10. Bxf6 Bxf6 11. Rd1 Be7 12. Nd5 Bg5 13. Qd3 O-O 14. g3 f5
15. h4 Bf6 16. exf5 e4 17. Nxf6+ Rxf6 18. Qd5+ Kh8 19. g4 Qe8 20. g5 Rxf5 21.
Qxd6 h5 22. Nd4 Nxd4 23. Rxd4 1-0

[Event "Manta ECU, South American Youth Ch (b)"]
[Site "Manta ECU"]
[Date "2017.04.28"]
[Round "6.9"]
[White "Moreno Viteri, Oscar"]
[Black "Donoso Diaz, Sebastian"]
[Result "0-1"]
[WhiteElo "1695"]
[BlackElo "2233"]
[PlyCount "56"]
[EventDate "2017.04.25"]
[EventType "swiss"]
[EventRounds "9"]
[EventCountry "ECU"]
[SourceTitle "OM OTB B 201907"]
[Source "Opening Master"]
[SourceDate "2019.07.06"]
[SourceVersion "2"]
[SourceVersionDate "2019.07.06"]
[SourceQuality "1"]

1. e4 c5 2. Nf3 d6 3. d4 cxd4 4. Nxd4 Nf6 5. Nc3 Nc6 6. Be2 e5 7. Nf3 Be7 8.
O-O O-O 9. b3 h6 10. Bb2 Be6 11. Re1 a6 12. h3 Qc7 13. Bf1 Rad8 14. Qe2 Nh7 15.
Nd1 Ng5 16. Nxg5 Bxg5 17. c4 f5 18. exf5 Bxf5 19. Ne3 Bxe3 20. fxe3 e4 21. Qd2
Qe7 22. Rad1 Kh7 23. Qc3 Qg5 24. Kh2 Ne5 25. Be2 Bxh3 26. Kxh3 Rf2 27. g4 Rxe2
28. Rxe2 Qxg4+ 0-1

[Event "South America-ch U20 13th"]
[Site "Manta"]
[Date "2017.04.27"]
[Round "4"]
[White "David Parrales, Carlos Agustin"]
[Black "Carrasco Jacome, Bryan Ricardo"]
[Result "0-1"]
[WhiteElo "1795"]
[BlackElo "1949"]
[PlyCount "58"]
[EventDate "2017.04.25"]
[EventType "swiss"]
[EventRounds "9"]
[EventCountry "ECU"]
[SourceTitle "OM OTB B 201907"]
[Source "Opening Master"]
[SourceDate "2019.07.06"]
[SourceVersion "2"]
[SourceVersionDate "2019.07.06"]
[SourceQuality "1"]

1. e4 c5 2. Nf3 Nc6 3. Nc3 d6 4. d4 cxd4 5. Nxd4 Nf6 6. Be2 e5 7. Nb3 h6 8. Be3
Be7 9. g4 a5 10. a4 Be6 11. Bf3 Nb4 12. Rg1 Rc8 13. h4 d5 14. g5 hxg5 15. hxg5
Nxe4 16. Bxe4 dxe4 17. Qxd8+ Bxd8 18. O-O-O Bxb3 19. cxb3 Na2+ 20. Kb1 Nxc3+
21. bxc3 Rxc3 22. Kb2 Rd3 23. Kc2 Ke7 24. Rxd3 exd3+ 25. Kxd3 Ke6 26. Rc1 Rh5
27. Rc5 Bxg5 28. Rxa5 Bxe3 29. fxe3 e4+ 0-1

[Event "FICS rated blitz game"]
[Site "FICS freechess.org"]
[Date "2017.04.27"]
[Round "?"]
[White "queenshunter"]
[Black "Mwelin"]
[Result "0-1"]
[WhiteElo "1910"]
[BlackElo "2145"]
[PlyCount "48"]
[EventDate "2017.??.??"]
[EventType "blitz"]

1. e4 c5 2. Nf3 d6 3. d4 cxd4 4. Nxd4 Nf6 5. Nc3 Nc6 6. Be2 e5 7. Nb3 Be7 8.
O-O O-O 9. a4 Be6 10. f4 Nb4 11. Nd2 Rc8 12. f5 Bd7 13. Nc4 Bc6 14. Bd3 d5 15.
exd5 Nfxd5 16. Ne4 Nxd3 17. cxd3 f6 18. Qb3 Kh8 19. Kh1 Nb4 20. Rd1 Qd7 21. Be3
b6 22. Ng3 Bd5 23. Rac1 Qb7 24. Qc2 Nxc2 0-1

[Event "Johannesburg RSA, PSS Prestige Rapid 17"]
[Site "Johannesburg RSA"]
[Date "2017.04.22"]
[Round "5.19"]
[White "Shlaka, Nizar"]
[Black "Swartz, David"]
[Result "0-1"]
[WhiteElo "1826"]
[BlackElo "1970"]
[PlyCount "60"]
[EventDate "2017.04.22"]
[EventType "swiss"]
[EventRounds "10"]
[EventCountry "RSA"]
[SourceTitle "OM OTB B 201907"]
[Source "Opening Master"]
[SourceDate "2019.07.06"]
[SourceVersion "2"]
[SourceVersionDate "2019.07.06"]
[SourceQuality "1"]

1. e4 c5 2. Nf3 d6 3. d4 cxd4 4. Nxd4 Nf6 5. Nc3 Nc6 6. Be2 e5 7. Nb3 Be6 8.
O-O Be7 9. f4 a6 10. Be3 b5 11. a3 O-O 12. Qe1 Qc7 13. Qg3 Bc4 14. fxe5 Nxe5
15. Bxc4 Nxc4 16. Bg5 Ne8 17. Nd5 Qa7+ 18. Kh1 Bxg5 19. Qxg5 Nc7 20. Ne7+ Kh8
21. Rf3 Ne6 22. Qh4 g5 23. Qxh7+ Kxh7 24. Rh3+ Kg7 25. Nf5+ Kf6 26. Rh6+ Ke5
27. Rd1 Ne3 28. Nxe3 Qxe3 29. Rh3 Qe2 30. Rhd3 Qe3 0-1

[Event "Riga LAT, 18th EUR Women Ch "]
[Site "Riga LAT"]
[Date "2017.04.17"]
[Round "7.49"]
[White "Fuchs, Judith"]
[Black "Arda, Cagil Irmak"]
[Result "1-0"]
[WhiteElo "2274"]
[BlackElo "2089"]
[PlyCount "177"]
[EventDate "2017.04.11"]
[EventType "swiss"]
[EventRounds "11"]
[EventCountry "LAT"]
[SourceTitle "OM OTB B 201907"]
[Source "Opening Master"]
[SourceDate "2019.07.06"]
[SourceVersion "2"]
[SourceVersionDate "2019.07.06"]
[SourceQuality "1"]

1. e4 c5 2. Nf3 Nc6 3. Nc3 d6 4. d4 cxd4 5. Nxd4 Nf6 6. Be2 e5 7. Nf3 h6 8. O-O
Be7 9. Re1 O-O 10. Bf1 Bg4 11. h3 Bh5 12. g4 Bg6 13. Bc4 Rc8 14. Nh4 Bh7 15.
Nf5 Bxf5 16. gxf5 Nd4 17. Bb3 Nh7 18. Nd5 Bg5 19. c3 Bxc1 20. Rxc1 Nxb3 21.
axb3 Qg5+ 22. Qg4 Rfe8 23. Ra1 a6 24. Re3 Qxg4+ 25. hxg4 Nf6 26. Nxf6+ gxf6 27.
Rd3 Red8 28. Kg2 Rc5 29. b4 Rb5 30. Rad1 Rb6 31. Rd5 Kf8 32. Rh1 Kg7 33. Kf3
Ra8 34. Rhd1 Rd8 35. Ke3 Kf8 36. Rh1 Kg7 37. f3 Rh8 38. Rhd1 Rd8 39. Kd3 Rc8
40. Rd2 Rc7 41. Ke2 Rd7 42. Kd1 Kf8 43. Rh2 Kg7 44. Kc2 Rc6 45. Kb3 b5 46. Rh1
Rd8 47. Rhd1 Kf8 48. R5d2 Kg7 49. Kc2 Rd7 50. Rd5 Rd8 51. Kd3 Kf8 52. Rh1 Kg7
53. Ke3 Rd7 54. Rd2 Rd8 55. Rdh2 Rh8 56. Kd3 Rc7 57. Ke3 Rc6 58. Rd2 Rd8 59.
Rhd1 Rd7 60. f4 exf4+ 61. Kxf4 Rd8 62. Kf3 Rd7 63. Rd3 Rd8 64. Kg3 Kf8 65. Rd5
Ke7 66. Rh1 Rh8 67. Rd2 Kf8 68. Rhd1 Ke7 69. Kf4 Rh7 70. Rd3 Rh8 71. Ke3 Rg8
72. Kf4 Rh8 73. Rh3 Kf8 74. Ke3 Kg7 75. Rdh1 Rc4 76. Kd3 Rc7 77. b3 Re7 78. c4
Re5 79. Ra1 Ra8 80. Rh2 Rae8 81. Re2 Ra8 82. Rh1 Rb8 83. Reh2 bxc4+ 84. bxc4
Rxb4 85. Rxh6 Re8 86. g5 Rg8 87. Rxf6 Kf8 88. g6 Rb7 89. Rh7 1-0

[Event "Sao Paulo BRA, 6th SP Open"]
[Site "Sao Paulo BRA"]
[Date "2017.04.16"]
[Round "6.5"]
[White "Batista, Renato Luiz"]
[Black "Utiyama, Marcel Heimar Ribei"]
[Result "1-0"]
[WhiteElo "2154"]
[BlackElo "2215"]
[PlyCount "61"]
[EventDate "2017.04.14"]
[EventType "swiss"]
[EventRounds "6"]
[EventCountry "BRA"]
[SourceTitle "OM OTB B 201907"]
[Source "Opening Master"]
[SourceDate "2019.07.06"]
[SourceVersion "2"]
[SourceVersionDate "2019.07.06"]
[SourceQuality "1"]

1. e4 c5 2. Nf3 Nc6 3. d4 cxd4 4. Nxd4 Nf6 5. Nc3 d6 6. Be2 e5 7. Nb3 Be7 8.
O-O O-O 9. Bg5 Be6 10. Qd2 a5 11. Bxf6 gxf6 12. f4 a4 13. Nc1 a3 14. b3 Qa5 15.
f5 Bd7 16. Rf3 Kh8 17. Bc4 Rg8 18. Bxf7 Rg7 19. Bd5 Nd4 20. Rh3 Rc8 21. Kh1 Bb5
22. b4 Qxb4 23. Rb1 Qc5 24. Nxb5 Nxb5 25. Nb3 Qc7 26. Be6 Ra8 27. Nc1 Nd4 28.
Bd5 Bd8 29. Qh6 Rb8 30. Rg3 b5 31. Qxh7+ 1-0

[Event "IRI-ch U20"]
[Site "Teheran"]
[Date "2017.04.15"]
[Round "2"]
[White "Veisi, Bardia"]
[Black "Mosadeghpour, Masoud"]
[Result "1/2-1/2"]
[WhiteElo "2094"]
[BlackElo "2459"]
[PlyCount "158"]
[EventDate "2017.04.14"]
[EventType "tourn"]
[EventRounds "5"]
[EventCountry "IRI"]
[EventCategory "3"]
[SourceTitle "OM OTB B 201907"]
[Source "Opening Master"]
[SourceDate "2019.07.06"]
[SourceVersion "2"]
[SourceVersionDate "2019.07.06"]
[SourceQuality "1"]

1. e4 c5 2. Nf3 d6 3. d4 cxd4 4. Nxd4 Nf6 5. Nc3 Nc6 6. Be2 e5 7. Nf3 Be7 8.
O-O O-O 9. Qd3 Nb4 10. Qd1 b6 11. Bg5 Bb7 12. a3 Na6 13. Bxa6 Bxa6 14. Re1 Ne8
15. Bxe7 Qxe7 16. Nd5 Qd8 17. Qd2 Rc8 18. Rad1 Bb7 19. c3 Rc5 20. Nb4 f5 21.
Ng5 Qf6 22. Nd3 Rc4 23. b3 Rc8 24. exf5 Qxf5 25. f3 Nf6 26. Nf2 Nd5 27. Nge4
Qg6 28. c4 Nf4 29. Nd3 Nh5 30. Kh1 Rcd8 31. Nb4 Nf4 32. Nc3 Kh8 33. Nbd5 Ne6
34. Re4 Nd4 35. Rg4 Qf7 36. Qb2 b5 37. Ne2 Bc8 38. Rg3 bxc4 39. Nxd4 Qxd5 40.
bxc4 Qxc4 41. Nb5 Bf5 42. h3 Qf4 43. Qf2 e4 44. Nc3 Be6 45. Ne2 Qh4 46. Qd4 Qh6
47. fxe4 Rf7 48. Qe3 Qh5 49. Qg5 Qxg5 50. Rxg5 Bb3 51. Rd2 Rf2 52. Rf5 Rxf5 53.
exf5 Kg8 54. Nd4 Ba4 55. Ne6 Rd7 56. Rd4 Bc2 57. g4 g6 58. fxg6 Bxg6 59. Nf4
Bf7 60. Kh2 Kg7 61. g5 d5 62. Kg3 Rb7 63. Ra4 Kf8 64. Kg4 Ke7 65. h4 Kd6 66. h5
Be8 67. Ra6+ Kc5 68. Ra5+ Kd4 69. Nxd5 Bd7+ 70. Kf4 Rb1 71. Nf6 Rf1+ 72. Kg3
Bc6 73. Nxh7 Rg1+ 74. Kf2 Rg2+ 75. Kf1 Ke3 76. Rf5 Rh2 77. Re5+ Kf4 78. Rc5
Rh1+ 79. Kf2 Rh2+ 1/2-1/2

[Event "FICS rated standard game"]
[Site "FICS freechess.org"]
[Date "2017.04.14"]
[Round "?"]
[White "sentiger"]
[Black "GriffyJr"]
[Result "1-0"]
[WhiteElo "1953"]
[BlackElo "2109"]
[PlyCount "107"]
[EventDate "2017.??.??"]
[EventType "swiss"]

1. e4 c5 2. Nf3 Nc6 3. d4 cxd4 4. Nxd4 Nf6 5. Nc3 d6 6. Be2 e5 7. Nb3 Be7 8.
Be3 O-O 9. f3 Be6 10. Qd2 Qd7 11. O-O-O Nb4 12. Kb1 a5 13. Bb5 Qc7 14. g4 Bc4
15. g5 Nd7 16. a3 Bxb3 17. cxb3 Nc5 18. axb4 Nxb3 19. Qc2 Nd4 20. Bxd4 exd4 21.
Nd5 Qd8 22. h4 axb4 23. Rxd4 Kh8 24. Rxb4 Qa5 25. Ba4 Rfc8 26. Qb3 Bd8 27. Rc1
Rxc1+ 28. Kxc1 b6 29. Kb1 Rc8 30. Nxb6 Bxb6 31. Rxb6 Qc5 32. Rc6 Rxc6 33. Bxc6
h6 34. Qxf7 Qxc6 35. g6 Qa8 36. Qd7 Qb8 37. h5 Qf8 38. Qf7 Qb8 39. Qc4 Qg8 40.
Qxg8+ Kxg8 41. Kc2 Kf8 42. Kd3 Ke7 43. Kd4 Kf6 44. f4 Ke6 45. b4 Kf6 46. Kd5
Ke7 47. e5 dxe5 48. fxe5 Kd7 49. e6+ Ke8 50. Kd6 Kd8 51. b5 Ke8 52. b6 Kd8 53.
b7 Ke8 54. b8=R# 1-0

[Event "Riga LAT, 18th EUR Women Ch "]
[Site "Riga LAT"]
[Date "2017.04.12"]
[Round "2.53"]
[White "Sibajeva, Marija"]
[Black "Fuchs, Judith"]
[Result "0-1"]
[WhiteElo "2011"]
[BlackElo "2274"]
[PlyCount "80"]
[EventDate "2017.04.11"]
[EventType "swiss"]
[EventRounds "11"]
[EventCountry "LAT"]
[SourceTitle "OM OTB B 201907"]
[Source "Opening Master"]
[SourceDate "2019.07.06"]
[SourceVersion "2"]
[SourceVersionDate "2019.07.06"]
[SourceQuality "1"]

1. e4 c5 2. Nf3 Nc6 3. d4 cxd4 4. Nxd4 Nf6 5. Nc3 d6 6. Be2 e5 7. Nb3 Be7 8.
Bg5 O-O 9. Qd2 a5 10. a4 Nb4 11. O-O Ne8 12. Bxe7 Qxe7 13. Bc4 Qc7 14. Bd5 Be6
15. Bxe6 fxe6 16. Nb5 Qxc2 17. Qxc2 Nxc2 18. Rad1 Ra6 19. Rd2 Nb4 20. Rfd1 Nc6
21. Nxd6 Rb6 22. Nc5 Nxd6 23. Nd7 Nxe4 24. Nxb6 Nxd2 25. Rxd2 Rf4 26. h3 Rb4
27. Nd7 Kf7 28. Nc5 b6 29. Nd3 Rxa4 30. Rc2 e4 31. Rxc6 exd3 32. Rd6 Ra1+ 33.
Kh2 Rb1 34. Rxd3 Rxb2 35. Ra3 Rb4 36. Kg3 a4 37. f3 b5 38. Kf2 Rb3 39. Ra1 a3
40. Ke2 b4 0-1

[Event "POR-ch U18"]
[Site "Luso"]
[Date "2017.04.09"]
[Round "2"]
[White "Dionizio, Andre Filipe Nascim"]
[Black "Paiva, Henrique MA Alberg"]
[Result "1-0"]
[WhiteElo "1914"]
[BlackElo "2223"]
[PlyCount "93"]
[EventDate "2017.04.08"]
[EventType "swiss"]
[EventRounds "7"]
[EventCountry "POR"]
[SourceTitle "OM OTB B 201907"]
[Source "Opening Master"]
[SourceDate "2019.07.06"]
[SourceVersion "2"]
[SourceVersionDate "2019.07.06"]
[SourceQuality "1"]

1. e4 c5 2. Nf3 d6 3. d4 cxd4 4. Nxd4 Nf6 5. Nc3 Nc6 6. Be2 e5 7. Nb3 Be6 8.
Be3 Be7 9. O-O O-O 10. f4 exf4 11. Rxf4 d5 12. exd5 Bxd5 13. Rxf6 Bxf6 14. Qxd5
Re8 15. Qxd8 Raxd8 16. Kf2 Nb4 17. Bd1 Re5 18. a3 Nc6 19. Bf3 Re6 20. Rb1 Rde8
21. Bxc6 Rxc6 22. Nd4 Rc4 23. Nde2 a6 24. Rd1 Rc7 25. Rd3 h6 26. Ke1 Be5 27. g3
Rc6 28. Kd2 b5 29. Nd4 Rc7 30. Nce2 Rec8 31. c3 Rb7 32. Nf3 Bf6 33. Bd4 Be7 34.
Nf4 a5 35. Nd5 Bf8 36. Bb6 b4 37. cxb4 axb4 38. a4 Bc5 39. a5 f6 40. Nd4 Bxb6
41. axb6 Rd8 42. Nc6 Rdd7 43. Na5 Rb8 44. Nxf6+ gxf6 45. Rxd7 Rxb6 46. Nc4 Rc6
47. Kd3 1-0

[Event "FICS rated standard game"]
[Site "FICS freechess.org"]
[Date "2017.04.07"]
[Round "?"]
[White "trommy"]
[Black "pinchubhai"]
[Result "0-1"]
[WhiteElo "1897"]
[BlackElo "2180"]
[PlyCount "54"]
[EventDate "2017.??.??"]
[EventType "swiss"]

1. e4 c5 2. Nf3 d6 3. d4 cxd4 4. Nxd4 Nf6 5. Nc3 Nc6 6. Be2 e5 7. Nb3 Be7 8.
O-O O-O 9. Kh1 a5 10. a4 Nb4 11. f4 Be6 12. f5 Bd7 13. Bd3 Bc6 14. Qf3 d5 15.
exd5 Nfxd5 16. Qg4 Nxd3 17. cxd3 Nxc3 18. bxc3 Qxd3 19. Bh6 Bf6 20. Nc5 Qxc3
21. Bxg7 h5 22. Qxh5 Bxg7 23. f6 Bxf6 24. Rac1 Qd2 25. Qg4+ Bg7 26. Rcd1 Qb4
27. Nd3 Qxg4 0-1

[Event "Oberliga Wuerttemberg 1617"]
[Site "Wuerttemberg"]
[Date "2017.04.02"]
[Round "10.5"]
[White "Bauer, Peter"]
[Black "Hoenick, Andreas"]
[Result "1-0"]
[WhiteElo "2202"]
[BlackElo "2149"]
[PlyCount "61"]
[EventDate "2016.09.25"]
[EventType "team-tourn"]
[EventRounds "11"]
[EventCountry "GER"]
[SourceTitle "OM OTB B 201907"]
[Source "Opening Master"]
[SourceDate "2019.07.06"]
[SourceVersion "2"]
[SourceVersionDate "2019.07.06"]
[SourceQuality "1"]
[WhiteTeam "Boeblingen"]
[BlackTeam "Schwaebisch Gmuend"]
[WhiteTeamCountry "GER"]
[BlackTeamCountry "GER"]

1. e4 c5 2. Nf3 Nc6 3. d4 cxd4 4. Nxd4 Nf6 5. Nc3 d6 6. Be2 e5 7. Nf3 h6 8. O-O
Be6 9. Re1 Be7 10. h3 O-O 11. Be3 a6 12. Bf1 b5 13. a4 b4 14. Nd5 Bxd5 15. exd5
Nb8 16. Nh4 Qd7 17. Qd2 g5 18. Bxg5 Ne4 19. Rxe4 Bxg5 20. Qxb4 f5 21. Rc4 e4
22. Ng6 Rf6 23. h4 Rxg6 24. hxg5 hxg5 25. Qc3 Rg7 26. Ra3 Qf7 27. Rc8+ Kh7 28.
Rb3 Rg8 29. Rxg8 Kxg8 30. Qc8+ Qf8 31. Qb7 1-0

[Event "Leipzig VfB op 24th"]
[Site "Leipzig"]
[Date "2017.03.25"]
[Round "8"]
[White "Seichter, Andreas"]
[Black "Schlegel, Hagen"]
[Result "1-0"]
[WhiteElo "1772"]
[BlackElo "1636"]
[PlyCount "107"]
[EventDate "2017.03.21"]
[EventType "swiss"]
[EventRounds "9"]
[EventCountry "GER"]
[SourceTitle "OM OTB B 201907"]
[Source "Opening Master"]
[SourceDate "2019.07.06"]
[SourceVersion "2"]
[SourceVersionDate "2019.07.06"]
[SourceQuality "1"]

1. e4 c5 2. Nf3 d6 3. d4 cxd4 4. Nxd4 Nf6 5. Nc3 Nc6 6. Be2 e5 7. Nb3 a6 8. Be3
b5 9. Bf3 Bb7 10. O-O Be7 11. a4 b4 12. Nd5 Nxd5 13. exd5 Na5 14. Qd3 Nxb3 15.
Qxb3 a5 16. c3 Ba6 17. c4 Bg5 18. Qd3 Rc8 19. b3 O-O 20. Bg4 Rb8 21. f4 exf4
22. Bxf4 Bxf4 23. Rxf4 Rb7 24. Raf1 Qb6+ 25. Kh1 Re7 26. Be6 Qc7 27. h4 Bc8 28.
Bxc8 Qxc8 29. Qg3 Qc5 30. Rg4 f6 31. Rgf4 Kh8 32. R4f3 Re5 33. Qg4 Qc8 34. Qd4
Qc5 35. Qxc5 dxc5 36. Rf5 Re3 37. R1f3 Re1+ 38. Kh2 Rd1 39. Re3 Kg8 40. Re6 Rd3
41. Rf3 Rd4 42. g3 Rb8 43. Rfe3 Kf8 44. Kg2 Rb7 45. Kf3 Kf7 46. Ke2 h5 47. Rc6
Rxc4 48. bxc4 b3 49. d6 b2 50. Rc7+ Rxc7 51. dxc7 b1=Q 52. c8=Q Qb2+ 53. Kf3
Qd4 54. Qe8# 1-0